Score 0/137 Timer 08:00
0 Plays Today
% Correct
the
98.4%
and
98.4%
the
98.4%
the
98.4%
the
98.4%
the
98.4%
the
98.4%
and
98.4%
the
98.4%
The
98.4%
to
93.7%
''to
93.7%
To
93.7%
to
93.7%
''To
93.7%
I
92.8%
I
92.8%
No.
90.5%
pain.
89.8%
pain''
89.8%
pain''
89.8%
you
89.2%
you
89.2%
you
89.2%
you
89.2%
you
89.2%
you
89.2%
ears
80.3%
ears.
80.3%
be
79.7%
be
79.7%
be
79.7%
be
79.7%
be
79.7%
will
79.4%
will
79.4%
will
79.4%
will
79.4%
your
79.3%
your
79.2%
your
79.2%
your
79.2%
your
79.2%
Your
79.2%
your
79.2%
your
79.2%
% Correct
your
79.2%
It
78.5%
It
78.5%
that
78%
that
78%
that
78%
that
78%
That
78%
eye
78%
is
77.2%
is
77.2%
first
75.4%
thing
74.6%
thing?''
74.6%
thing
74.6%
means
73.4%
means.
73.4%
means
73.4%
so
72.8%
So
72.8%
what
71.6%
what
71.6%
last.
70.5%
then
70.2%
keep,
68.8%
won't
67.9%
lose
67.2%
lose
67.2%
nose.
66.9%
every
66.3%
every
66.3%
Every
66.3%
every
66.3%
next
64.7%
Next,
64.7%
left
64.5%
right —
64.5%
why.
64.2%
I'll
64.2%
I'll
64.2%
I'll
64.2%
in
64%
in
64%
in
64%
child
63.1%
hands
61.6%
% Correct
feet,
61.5%
tell
61.5%
by
59.2%
God,
57.1%
followed
56.9%
explain
54.4%
woman
54.3%
at
53.8%
at
53.8%
at
53.8%
WRONG!
52.9%
perfect
52.1%
leave
51.2%
''Dear
51.1%
understand
50.8%
of
50.5%
words
49.7%
use
49.2%
small
48.9%
finished!
47.3%
who
47.2%
you'll
45.9%
wrists.
45.1%
ankles,
45%
seeing
44.5%
cries
44.1%
out,
42.6%
sure
42.4%
echo
42.3%
babe
41.5%
below
40%
wasn't
39.5%
buffoon.
38.2%
warthog-faced
37.8%
shriek
34.9%
misery
34.7%
forever.
33.9%
wallowing
30.8%
yours
30.7%
cherish.
28.1%
hideousness
27.3%
freakish
26.5%
weeps
26.4%
anguish,
24.5%
approach,
19.3%

You're not logged in!

Compare scores with friends on all Sporcle quizzes.
OR
Log In

Sporcle TV

Today on Sporcle TV


Watch our educational content, quiz creation guides, and fun videos on Sporcle TV.

Show Comments

Extras

Top Quizzes Today


Score Distribution

Paid Content

Your Account Isn't Verified!

In order to create a playlist on Sporcle, you need to verify the email address you used during registration. Go to your Sporcle Settings to finish the process.

Report this User

Report this user for behavior that violates our Community Guidelines.

Details: